00425cam a2200145 a 4500020003200000082001200032245004900044250001200093260003700105300001900142500006100161650001600222700002100238700002000259 a0070167265 (acidfree paper)00a657 ZEF00aReadings and notes on financial accounting : a4th ed. aNew York :bMcGraw-Hill,cc1994. axvii, 782 p. ; aRev. ed. of: Financial accounting theory. 3rd ed. c1985. 0aAccounting.1 aZeff, Stephen A.1 aDharan, Bala G.